| 000 | 00503nam 2200145 4500 | ||
|---|---|---|---|
| 001 | 5881 | ||
| 090 | _a5881 | ||
| 100 | _a20190729k u||y0frey50 ba | ||
| 101 | _afre | ||
| 200 |
_aAvortement et pénurie _bBrochure _ela reproduction de la vie immédiate en suspens |
||
| 210 |
_aGrenoble _aParis _c[s.n.] _d1974 |
||
| 215 |
_a28 p. _cill. _d30 cm |
||
| 606 |
_9145 _aAvortement |
||
| 801 |
_aCH _bCH-002049-8 |
||
| 856 | _uhttps://guerredeclasse.fr/2022/07/17/avortement-et-penurie-la-reproduction-de-la-vie-immediate-en-suspens/ | ||